Panduan pembelahan

Bibliographic Details
Main Author: Rowett, H. G. Q. (Author)
Format: Book
Published: Kuala Lumpur : Heinemann , 1981
Subjects:

MARC

LEADER 00000cam a2200000 7i4500
001 0000003545
005 20021118093000.0
008 021118n
090 0 0 |a QL812   |b .R6 
100 0 |a Rowett, H. G. Q. ,   |e author 
245 0 0 |a Panduan pembelahan   |c H. G. Q. Rowett 
260 2 |a Kuala Lumpur :   |b Heinemann ,   |c 1981 
300 |a 134 ms. : ill. ; ;   |c 25 sm. 
650 0 |a Anatomy, Comparative   |x Laboratory manuals 
650 0 |a Dissection 
999 |a 1000032687   |b Book   |c OPEN SHELF (30 DAYS)   |e Tembila Campus 
999 |a 1000032688   |b Book   |c OPEN SHELF (30 DAYS)   |e Gong Badak Campus